01003nam a2200241Ia 4500001000600000003000900006008004100015040001300056040001300069041001300082100002000095100002900115245011500144245006400259250001100323260001000334260000900344260004900353300005700402500024900459650002200708650003100730H2582IT-RoPAU130308s9999 xx 000 0 und d aIT-RoPAU cIT-RoPAU aFRANCESE aKlein Christian gCodice Aut. SPICS: 57056 aDe la prose au theatre jusqu'aux textes -Limites, ou pourquoi n'ecrivez-Vous pas de la prose, monsieur Muller? bEcrire pour le Theatre. Les Enjeux de L'Ecriture Dramatique a1a ed. aPARIS bCNRS c2000 [1° Ed.:2000 - Ed.Ling.Originale:2000] a"22 p. (prefazione: no ; testo: 22 [pagine: 45-66])" aDalla Prosa al Teatro fino Ai Testi limite o Perche' Non scrive di Prosa, Mister Heiner Muller? Scuole di Muller. passaggio Dalla Prosa Alla Scrittura Drammatica. paesaggio sotto Sorveglianza, o Come un testo di Prosa Fu scritto per Il Teatro? aTEORICHE TEATRALI eCodice materia Spics: 8405